<?xml version="1.0" encoding="UTF-8"?>
<record
    xmlns:xsi="http://www.w3.org/2001/XMLSchema-instance"
    xsi:schemaLocation="http://www.loc.gov/MARC21/slim http://www.loc.gov/standards/marcxml/schema/MARC21slim.xsd"
    xmlns="http://www.loc.gov/MARC21/slim">

  <leader>01402    a2200229   4500</leader>
  <controlfield tag="001">43335</controlfield>
  <controlfield tag="005">20260407155717.0</controlfield>
  <controlfield tag="008">260407a1964    arg                 spa d</controlfield>
  <controlfield tag="003">AR-UNSa-BCEJYS</controlfield>
  <datafield tag="040" ind1=" " ind2=" ">
    <subfield code="a">AR-UNSa-BCEJYS</subfield>
    <subfield code="b">spa</subfield>
    <subfield code="c">AR-UNSa-BCEJYS</subfield>
  </datafield>
  <datafield tag="080" ind1=" " ind2=" ">
    <subfield code="a">911.3:33</subfield>
    <subfield code="x">Geograf&#xED;a econ&#xF3;mica</subfield>
  </datafield>
  <datafield tag="245" ind1="1" ind2="0">
    <subfield code="a">Compendio de geograf&#xED;a econ&#xF3;mica</subfield>
  </datafield>
  <datafield tag="250" ind1=" " ind2=" ">
    <subfield code="a">2a. ed.</subfield>
  </datafield>
  <datafield tag="264" ind1=" " ind2="1">
    <subfield code="a">Barcelona :</subfield>
    <subfield code="b">Ediciones Ariel</subfield>
    <subfield code="c">1964</subfield>
  </datafield>
  <datafield tag="300" ind1=" " ind2=" ">
    <subfield code="a">442 p.</subfield>
    <subfield code="c">20 cm.</subfield>
  </datafield>
  <datafield tag="505" ind1=" " ind2=" ">
    <subfield code="a">Introducci&#xF3;n: La geograf&#xED;a econ&#xF3;mica - Parte I: los hombres y los sistemas econ&#xF3;micos: 1. Diversidad de las formas de econom&#xED;a capitalista en el mundo - 2. Econom&#xED;a socialista y construcci&#xF3;n de una economia socialista - Parte II: La econom&#xED;a y la producci&#xF3;n industrial: 1. Estructuta y formas de organizaci&#xF3;n - 2. La producci&#xF3;n de energ&#xED;a - 3. La producci&#xF3;n y la comercializaci&#xF3;n de materias primas - Parte III: Econom&#xED;a agricola y productos de art&#xED;culos alimenticios: 1. Tipos de econom&#xED;a agr&#xED;cola - 2. La producci&#xF3;n de cereales - 3. Cultivos alimenticios diversos - 4. Productos derivados de la ganaderia y de la pesca - Parte IV: Comercio y Circulaci&#xF3;n : 1. Econom&#xED;a y comercio - 2. Los transportes continentales - 3. Los transportes maritimos y a&#xE9;reos - -  Indice de figuras</subfield>
  </datafield>
  <datafield tag="041" ind1=" " ind2=" ">
    <subfield code="a">spa</subfield>
  </datafield>
  <datafield tag="942" ind1=" " ind2=" ">
    <subfield code="c">BK</subfield>
  </datafield>
  <datafield tag="590" ind1=" " ind2=" ">
    <subfield code="a">niveau_biblio:m niveau_hierar:0</subfield>
  </datafield>
  <datafield tag="100" ind1="1" ind2=" ">
    <subfield code="a">George, Pierre</subfield>
  </datafield>
  <datafield tag="700" ind1="1" ind2=" ">
    <subfield code="a">Huera, Carmen</subfield>
  </datafield>
  <datafield tag="999" ind1=" " ind2=" ">
    <subfield code="c">3687</subfield>
    <subfield code="d">3687</subfield>
  </datafield>
  <datafield tag="952" ind1=" " ind2=" ">
    <subfield code="0">0</subfield>
    <subfield code="1">0</subfield>
    <subfield code="4">0</subfield>
    <subfield code="7">0</subfield>
    <subfield code="a">BCEJYS</subfield>
    <subfield code="b">BCEJYS</subfield>
    <subfield code="c">16</subfield>
    <subfield code="d">2026-04-07</subfield>
    <subfield code="l">0</subfield>
    <subfield code="o">911.3:33 G346 2ed.</subfield>
    <subfield code="p">L21070</subfield>
    <subfield code="r">2026-04-07 15:57:17</subfield>
    <subfield code="w">2026-04-07</subfield>
    <subfield code="y">L</subfield>
  </datafield>
</record>
